Organizacja zarzadzania kadrami w przemyslowych

Gespeichert in:
Bibliographische Detailangaben
1. Verfasser: Listwan, Tadeusz
Format: Buch
Sprache:Polnisch
Veröffentlicht: Wroclaw Akademia Ekon. im. Oskara Langego 1986
Schriftenreihe:Prace naukowe nr. 341
Tags: Tag hinzufügen
Keine Tags, Fügen Sie das erste Tag hinzu!

MARC

LEADER 00000nam a2200000 4500
001 c104383
005 20140522092437.6
041 0 |a pol 
044 |a PL 
245 1 0 |a Organizacja zarzadzania kadrami w przemyslowych  |c Tadeusz Listwan 
264 1 |a Wroclaw  |b Akademia Ekon. im. Oskara Langego  |c 1986 
300 |a 195 s. 
490 1 |a Prace naukowe  |v nr. 341 
830 0 |a Prace naukowe  |v nr. 341 
100 1 |a Listwan, Tadeusz